| 000 | 01914cam a2200409 i 4500 | ||
|---|---|---|---|
| 999 |
_c532789 _d532789 |
||
| 001 | 17697668 | ||
| 003 | NUST | ||
| 005 | 20191203100359.0 | ||
| 008 | 130415s2013 nyu b 001 0 eng | ||
| 010 | _a 2013002618 | ||
| 020 | _a9780415642132 (hbk : alk. paper) | ||
| 020 | _z9780203081112 (ebk : alk. paper) | ||
| 038 | _aMSOHAIL | ||
| 040 |
_aDLC _beng _cDLC _erda _dDLC |
||
| 042 | _apcc | ||
| 050 | 0 | 0 |
_aJZ3700 _b.A25 2013 |
| 082 | 0 | 0 |
_a341.442 _223 |
| 100 | 1 |
_aAbukhater, Ahmed. _926384 |
|
| 245 | 1 | 0 |
_aWater as a catalyst for peace : _btransboundary water management and conflict resolution / _cAhmed Abukhater. |
| 264 | 1 |
_aNew York, NY : _bRoutledge, Taylor & Francis Group, _c2013. |
|
| 300 |
_axix, 295 pages ; _c24 cm. |
||
| 336 |
_atext _2rdacontent |
||
| 337 |
_aunmediated _2rdamedia |
||
| 338 |
_avolume _2rdacarrier |
||
| 490 | 0 | _aEarthscan studies in water resource management | |
| 504 | _aIncludes bibliographical references (pages 255-286) and index. | ||
| 505 | 0 | _aWater past and present : power, conflict, perception, and equity -- Research questions, hypotheses, and methodological design -- Case selection and analysis -- The Israel-Jordan peace treaty of 1994 -- The Lesotho Highlands Water Project treaty of 1986 -- Comparative cross-case analysis, hydro-political implications, and lessons learned -- Conclusion and future research. | |
| 650 | 0 |
_aInternational rivers _xPolitical aspects. _926385 |
|
| 650 | 0 |
_aWater resources development _xPolitical aspects. _926386 |
|
| 650 | 0 |
_aWater resources development _xLaw and legislation. _926387 |
|
| 650 | 0 |
_aWater-supply _xPolitical aspects. _926388 |
|
| 650 | 0 |
_aPeace-building. _92019 |
|
| 650 | 0 |
_aConflict management. _91884 |
|
| 906 |
_a7 _bcbc _corignew _d1 _eecip _f20 _gy-gencatlg |
||
| 942 |
_2ddc _cBK |
||